Acerca de la configuración de la locura en el Chile decimonónico /

Este artículo se refiere a la configuración de la locura en el Chile del siglo XIX. Específicamente, está centrado en el período de la inclusión, reflejado por la instalación, en 1852, del primer asilo de locos -la Casa de Orates-. Dicha institución tuvo como objetivo la reclusión de los individuos...

Full description

Bibliographic Details
Main Author: Bornhauser, Niklas
Other Authors: Andahur, Estefanía
Format: Analitica de revista
Language:Spanish
Published: Valdivia Universidad Austral de Chile 2009
Subjects:
Online Access:Acceso electrónico al documento

MARC

LEADER 00000cab a2200000 a 4500
001 039363
003 UAHC_CL
005 20180801175521.0
008 110511b2009 cl 000 spa
952 |0 0  |1 0  |4 0  |6 REV___AUSTRAL_CIENC__SOC_17_09_000000000000000  |7 0  |8 General  |9 75050  |a BC  |b BC  |c General  |d 2017-08-03  |l 0  |o REV. AUSTRAL CIENC. SOC.-17/09  |p FICTICIO5752  |r 2019-01-08 00:00:00  |t 1  |w 2017-08-03  |y REVA 
999 |c 39363  |d 39363 
040 |a UAHC_CL  |c UAHC_CL  |d UAHC_CL 
100 1 |a Bornhauser, Niklas 
245 1 0 |a Acerca de la configuración de la locura en el Chile decimonónico /  |c Niklas Bornhauser, Estefanía Andahur. 
260 |a Valdivia  |c 2009  |b Universidad Austral de Chile 
300 |a pp. 111-126. 
500 |a En: Revista Austral de Ciencias Sociales. Pueblos indígenas, discurso y territorio. No. 17, 2009. pp. 111-126. ISSN: 0717-3202\Disponible en formato electrónico. 
520 |a Este artículo se refiere a la configuración de la locura en el Chile del siglo XIX. Específicamente, está centrado en el período de la inclusión, reflejado por la instalación, en 1852, del primer asilo de locos -la Casa de Orates-. Dicha institución tuvo como objetivo la reclusión de los individuos que no se adaptaban al naciente panorama ilustrado del país. Se examina cómo el presunto origen filantrópico del asilo encubre un proyecto de nación, sostenido por las clases dominantes de aquel momento. Para comprender cómo este discurso irá modulando un sistema disciplinario, correspondiente a una psiquiatría hasta entonces inexistente, se analizan los acontecimientos que van dando cuenta del tratamiento y destino de los locos. 
650 4 |a LOCURA 
650 4 |a PSIQUIATRIA  |x CASOS CLINICOS 
700 1 |a Andahur, Estefanía 
700 1 |a Andahur, Estefanía 
773 0 |t Revista austral de ciencias sociales.  |w 039362 
856 |u http://mingaonline.uach.cl/scielo.php?script=sci_arttext&pid=S0718-17952009000200007&lng=es&nrm=iso&tlng=es  |y Acceso electrónico al documento 
900 |a REV. AUSTRAL CIENC. SOC.-17/09 
942 |c REVA  |2 ddc